00534nam a2200157 i 450000100060000000300090000600500170001500700030003200800410003524501100007626000700018630000200025670000190027671000470029585200340034220890ES-MaACL20230906152401.0t|021119s1974 sp ||||1| spa d03aLa actual revisión del Derecho del Mar b: una perspectiva española / cpor Antonio Poch... [et al.]. a[Madrid : bInstituto de Estudios Políticos, Aragón], c1974. a2 v. ; c21 cm.1 aPoch, Antonio.2 aInstituto de Estudios Políticos (Madrid) aES-MaACLjL-2498-9 bR.103453